| 000 | 00651nam a2200241Ia 4500 | ||
|---|---|---|---|
| 005 | 20260429111932.0 | ||
| 008 | 260429s9999||||xx |||||||||||||| ||und|| | ||
| 020 | _a9789359783628 | ||
| 041 | _aEnglish | ||
| 082 |
_a294.543 _bSIN |
||
| 100 | _aSingh Vikram | ||
| 245 | 0 |
_aYoga texts - I : _byoga Upanishads / _cSingh Vikram |
|
| 250 | _a1st ed. | ||
| 260 |
_aNew Delhi : _bFriends Publications (India), _c2024. |
||
| 300 | _a206 p.; pbk | ||
| 440 | _aInstant notes on yoga 3 | ||
| 650 | _a Hindu scriptures | ||
| 650 | _a Philosophy | ||
| 650 | _a Spirituality | ||
| 650 | _aYoga Upanishads | ||
| 700 | _a Joshi, Navdeep | ||
| 942 | _cTB | ||
| 999 |
_c51504 _d51504 |
||